000 00769cam a22002653a 4500
001 10196
003 PGUSA
005 20140828083221.0
008 031101s2003||||xxu|||||s|||||000 | eng d
040 _aPGUSA
_beng
042 _adc
050 4 _aM
100 1 _aFiddlin' Powers and Family
245 1 0 _aCluck Old Hen
_h[electronic resource] /
_cFiddlin' Powers and Family
260 _bProject Gutenberg,
_c2003
500 _aRecorded October 6, 1925.
506 _aPublic domain in the USA.
516 _aElectronic text
653 _aFolk songs, English -- United States
653 _aOld-time music
653 _aSongs with instrumental ensemble
830 0 _aProject Gutenberg
_v10196
856 4 0 _uhttp://www.gutenberg.org/ebooks/10196
942 _cEB
999 _c239451
_d239451